Partija "Sojuz 17 oktjabrja" (Titelsatznr. 27433)
[ MARC ]
| 000 -Satzkennung | |
|---|---|
| Kontrollfeld mit fester Länge | 00573nam a22001931cc4500 |
| 001 - Kontrollnummer | |
| Kontrollfeld | a987687955+Band1 |
| 035 ## - Systemkontrollnummer | |
| System-Kontrollnummer | a987687955 |
| 008 - Feld mit fester Länge zur physischen Beschreibung - Allgemeine Angaben | |
| Kontrollfeld mit fester Länge | 170721s1996 gw |||| 000u rus d |
| 020 ## - Internationale Standardbuchnummer | |
| Internationale Standardbuchnummer | 5860040679 |
| Verknüpfung | 5-86004-067-9 |
| 041 ## - Sprachcode | |
| Sprachcode des Textes/der Tonspur oder des separaten Titels | rus |
| 040 ## - Katalogisierungsquelle | |
| Übertragungsstelle | RU-10907106 |
| 003 - Kontrollnummer Identifier | |
| Kontrollfeld | RU-10907106 |
| 245 00 - Titel | |
| Titel | Partija "Sojuz 17 oktjabrja" |
| Zählung des Teils/der Abteilung eines Werkes | Band 1 |
| Titel eines Teils/einer Abteilung eines Werkes | 1905-1907 gg. |
| 264 ## - Produktion, Veröffentlichung, Distribution, Herstellung und Urheberrechtsvermerk | |
| Herstellungs-, Veröffentlichungs- Vertriebs-, Erzeugungsort | Moskva : |
| Produzent, Herausgeber, Distributor, Hersteller | ROSSPEN, |
| Datum der Herstellung, der Veröffentlichung, des Vertriebs oder des Urheberschutzvermerks | 1996-2000 |
| 246 12 - Titelvarianten | |
| Hauptsachtitel/Kurztitel | Partija "Sojuz 17 oktjabrja" : Protokoly s'ezdov i zasedanij CK ;. 1905-1907 gg. |
| Zählung des Teils/der Abteilung eines Werkes | Band 1 |
| 300 ## - Physische Beschreibung | |
| Umfang | 407 S. |
| 773 08 - Übergeordnete Einheit | |
| Datensatzkontrollnummer | a987687955 |
| Zählung und erste Seite | Band1 |
| 942 ## - Zusätzliche Felder (Koha) | |
| Koha-Medientyp | Monographien |
| Ausgeschieden | Verloren | Klassifikation oder Aufstellungssystematik | Beschädigt | Nicht entleihbar | Heimatbibliothek | Aufenthaltsbibliothek | Aufstellungsort | Erwerbungsdatum | Inventarnummer | Signatur | Barcode | Letzte Aktivität | Preis gültig von | Koha-Medientyp |
|---|---|---|---|---|---|---|---|---|---|---|---|---|---|---|
| Andere/Generische Klassifikation | MWN Osteuropa | MWN Osteuropa | Magazin - 2 | 21/07/2017 | 17-03393 Ersatzß | R 55 ej Pav 1 (1) | E00401509E336BA8 | 23/02/2021 | 22/03/2021 | Monographien |